000 00579 a2200229 4500
005 20250218104633.0
008 250217b |||||||| |||| 00| 0 eng d
020 _a9781319498504
_c£ 74.99
040 _aMAIN
082 _a572
_bB452B(10)
100 _aBerg, Jeremy M
245 _aBiochemistry
250 _a10th
260 _bMacmillan Learning
_c2024
_aNew York
650 _aBiochemistry
700 _aGatto, Gregory J
700 _aHines, Justin K
700 _aHeller, Jutta Beneken
700 _aTymoczko, John L
700 _aStryer, Lubert
942 _cBK
999 _c359643
_d359643